000 00294nam a22001337a 4500
008 180906b xxu||||| |||| 00| 0 eng d
020 _a9780803603226
041 _aeng
080 _a616
100 _a3
101 _aSHM
245 _aPsychiatric Cre Plans
_cDoenges .M.E
942 _2udc
_cBK
999 _c47582
_d47582